LIBRARY ONLINE CATALOGUE

Project management / (Record no. 1952)

MARC details
000 -LEADER
fixed length control field 00590cam a22002052 4500
001 - CONTROL NUMBER
control field 0000001914
005 - DATE AND TIME OF LATEST TRANSACTION
control field 20151217145726.0
008 - FIXED-LENGTH DATA ELEMENTS--GENERAL INFORMATION
fixed length control field 070329s xx 000 0 eng d
040 ## - CATALOGING SOURCE
Original cataloging agency KABU
Transcribing agency KABU
050 #0 - LIBRARY OF CONGRESS CALL NUMBER
Classification number HD69
Item number .P75F54
100 1# - MAIN ENTRY--PERSONAL NAME
Personal name Field, Mike.
-- 0000151007
245 10 - TITLE STATEMENT
Title Project management /
Statement of responsibility, etc. Mike Field and Laurie Keller.
260 ## - PUBLICATION, DISTRIBUTION, ETC. (IMPRINT)
Place of publication, distribution, etc. London :
Name of publisher, distributor, etc. Open University,
Date of publication, distribution, etc. 1998.
300 ## - PHYSICAL DESCRIPTION
Extent 441 p.
650 #0 - SUBJECT ADDED ENTRY--TOPICAL TERM
Topical term or geographic name as entry element Project management.
-- 0000148291
700 1# - ADDED ENTRY--PERSONAL NAME
Personal name Keller, Laurie.
-- 0000015199
908 ## - PUT COMMAND PARAMETER (RLIN)
Put command parameter 070329
950 ## - LOCAL HOLDINGS (RLIN)
-- 1
Holdings
Withdrawn status Lost status Source of classification or shelving scheme Not for loan Home library Current library Date acquired Total Checkouts Full call number Barcode Date last seen Date last checked out Price effective from Koha item type
    Library of Congress Classification   Kabarak, Main Campus Kabarak, Main Campus 17/12/2015 1 HD69 .P75F54 001648 02/08/2024 25/02/2017 17/12/2015 General Collection